Kultúrny turizmus - analýza ponuky a dopytu v SR diplomová práca

Na minha lista:
Detalhes bibliográficos
Autor principal: Kmeťová, E.
Autor Corporativo: Obchodná fakulta EU. Katedra služieb a cestovného ruchu - zrušené
Outros Autores: Benčič, Stanislav
Formato: Livro
Idioma:eslovaco
Publicado em: Bratislava 2010
Tags: Adicionar Tag
Sem tags, seja o primeiro a adicionar uma tag!

MARC

LEADER 00000nam$a2200000$$$4500
001 0118549
005 20240318122501.3
041 0 |a slo 
044 |a SK 
245 1 0 |a Kultúrny turizmus - analýza ponuky a dopytu v SR  |b diplomová práca  |c Eliška Kmeťová ; škol. Stanislav Benčič 
264 1 |a Bratislava  |c 2010 
300 |a 73 s. 
100 1 |a Kmeťová, E. 
700 1 |a Benčič, Stanislav 
710 2 |a Obchodná fakulta EU. Katedra služieb a cestovného ruchu - zrušené